000 00527cam a2200181 i 4500
020 _a0471594601 (v. 1)
082 0 0 _a620.103
_bMER
_cL-4, P-27
100 1 _aMeriam, J. L.
_913089
245 1 0 _aEngineering mechanics /
_cJ.L. Meriam.
260 _aNew York :
_bWiley,
_cc1978.
300 _a2 v. :
_bill. ;
_c25 cm.
500 _aIncludes indexes.
505 0 _av. 1. Statics.--v. 2. Dynamics.
526 _a0
_b0
_c0
_d620_103000000000000_MER
650 0 _aMCE
_9379
650 0 _aMechanics, Applied.
_913090
942 _2ddc
_cBK
999 _c544847
_d544847